000
00333nam a2200133Ia 4500
008
231017s9999 xx 000 0 und d
082
_a
625.85
082
_b
BAL
245
0
_a
Determining the Causes of Top - Down Cracks in Bituminous Pavements - Aug 2003
245
0
_c
MIDOT
260
_b
MIDOT
300
_c
30cm
942
_c
REP
999
_c
604685
_d
604685